|
|
|
|
| LEADER |
00000cas a2200000 a 4500 |
| 001 |
vtls008408266 |
| 003 |
SK-MaSNL |
| 005 |
20260228160921.0 |
| 008 |
051108c20059999xo fr|p 0 b0slo |
| 022 |
|
|
|a 1336-6874
|
| 040 |
|
|
|a SNK
|b slo
|c SNK
|d SVKBB
|d SAVUK
|e AACR2
|
| 041 |
0 |
|
|a slo
|
| 044 |
|
|
|a xo
|c SK
|
| 072 |
|
7 |
|a 59
|x Zoológia
|2 konspekt
|
| 080 |
|
|
|a 502.172:592/599
|2 2011
|
| 080 |
|
|
|a 598.2
|2 2011
|
| 080 |
|
|
|a 598.279
|2 2011
|
| 080 |
|
|
|a 050
|2 2011
|
| 080 |
|
|
|a (051)-027.561
|2 2011
|
| 210 |
0 |
|
|a Dravce a sovy
|
| 222 |
|
0 |
|a Dravce a sovy
|
| 245 |
0 |
0 |
|a Dravce a sovy
|b časopis Ochrany dravcov na Slovensku
|
| 246 |
1 |
1 |
|a Birds of prey and owls
|b journal of Raptor protection of Slovakia
|
| 260 |
|
|
|a Bratislava
|b Ochrana dravcov na Slovensku
|c 2005-
|
| 300 |
|
|
|a zv.
|c 25 cm
|
| 310 |
|
|
|a 2x ročne
|b 2007-
|
| 321 |
|
|
|a 1x ročne
|b 2005-2006
|
| 362 |
0 |
|
|a Roč. 1, č. 1 (zima/jar 2005)-
|
| 500 |
|
|
|a Šéfredaktor: 2005-?, Michal Noga ; ?- , Roman Slobodník
|
| 650 |
0 |
7 |
|a ochrana živočíchov
|2 SNKPH
|9 3949
|
| 650 |
0 |
7 |
|a ornitológia
|2 SNKPH
|9 27379
|
| 650 |
0 |
7 |
|a dravé vtáky
|2 SNKPH
|9 31255
|
| 650 |
0 |
7 |
|a Animal conservation
|2 SNKPHeng
|9 267593
|
| 650 |
0 |
7 |
|a Ornithology
|2 SNKPHeng
|9 265513
|
| 650 |
0 |
7 |
|a Birds of prey
|2 SNKPHeng
|9 267594
|
| 655 |
|
7 |
|a odborné časopisy
|2 SNKPH
|9 70505
|
| 655 |
|
7 |
|a Professional journals
|2 SNKPHeng
|9 265007
|
| 700 |
1 |
|
|a Noga, Michal
|4 pbd
|9 267595
|
| 700 |
1 |
|
|a Slobodník, Roman
|4 pbd
|9 267596
|
| 852 |
|
|
|a Štátna vedecká knižnica v Banskej Bystrici
|
| 856 |
4 |
1 |
|u http://www.dravce.sk
|
| 910 |
|
|
|a savuk
|
| 910 |
|
|
|a snk
|
| 916 |
|
|
|a 2005-2014, 2015-2016, 2018-2019
|
| 999 |
|
|
|c 3906
|d 5836
|
| 952 |
|
|
|0 0
|1 0
|4 0
|7 0
|8 0
|a SNK
|b SNK
|d 2014-06-16
|i snk2014/13841
|l 0
|o snkČSB 5893/6/2010 D1
|p 17A1088334
|r 2026-02-21 20:23:05
|t č. 1-2
|w 2026-02-21
|y PREZ
|
| 952 |
|
|
|0 0
|1 0
|4 0
|7 0
|8 0
|a SNK
|b SNK
|d 2014-06-16
|f 1
|i snk2014/13840
|l 0
|o snkČSB 5893/6/2010
|p 17A1088333
|r 2026-02-21 20:29:39
|t č. 1-2
|w 2026-02-21
|y PREZ
|
| 952 |
|
|
|0 0
|1 0
|4 0
|7 0
|8 0
|a SNK
|b SNK
|d 2015-01-09
|i snk2015/392
|l 0
|o snkČSB 5893/9/2013 D1
|p 17A0870969
|r 2026-02-21 20:43:01
|t č. 1-2
|w 2026-02-21
|y PREZ
|
| 952 |
|
|
|0 0
|1 0
|4 0
|7 0
|8 0
|a SNK
|b SNK
|d 2014-06-16
|f 1
|i snk2014/13828
|l 0
|o snkČSB 5893/1/2005
|p 17A1088323
|r 2026-02-21 21:14:46
|t č. 1
|w 2026-02-21
|y PREZ
|
| 952 |
|
|
|0 0
|1 0
|4 0
|7 0
|8 0
|a SNK
|b SNK
|d 2014-06-16
|i snk2014/13831
|l 0
|o snkČSB 5893/1/2005 D1
|p 17A1088324
|r 2026-02-21 21:14:46
|t č. 1
|w 2026-02-21
|y PREZ
|
| 952 |
|
|
|0 0
|1 0
|4 0
|7 0
|8 0
|a SNK
|b SNK
|d 2014-06-16
|f 1
|i snk2014/13832
|l 0
|o snkČSB 5893/2/2006
|p 17A1088325
|r 2026-02-21 21:14:46
|t č. 2
|w 2026-02-21
|y PREZ
|
| 952 |
|
|
|0 0
|1 0
|4 0
|7 0
|8 0
|a SNK
|b SNK
|d 2014-06-16
|i snk2014/13833
|l 0
|o snkČSB 5893/2/2006 D1
|p 17A1088326
|r 2026-02-21 21:14:46
|t č. 2
|w 2026-02-21
|y PREZ
|
| 952 |
|
|
|0 0
|1 0
|4 0
|7 0
|8 0
|a SNK
|b SNK
|d 2014-06-16
|f 1
|i snk2014/13834
|l 0
|o snkČSB 5893/3/2007
|p 17A1088327
|r 2026-02-21 21:14:46
|t č. 1-2, neúplné
|w 2026-02-21
|y PREZ
|z chýba č. 1
|
| 952 |
|
|
|0 0
|1 0
|4 0
|7 0
|8 0
|a SNK
|b SNK
|d 2014-06-16
|i snk2014/13835
|l 0
|o snkČSB 5893/3/2007 D1
|p 17A1088328
|r 2026-02-21 21:14:46
|t č. 1-2, neúplné
|w 2026-02-21
|y PREZ
|z chýba č. 1
|
| 952 |
|
|
|0 0
|1 0
|4 0
|7 0
|8 0
|a SNK
|b SNK
|d 2014-06-16
|f 1
|i snk2014/13836
|l 0
|o snkČSB 5893/4/2008
|p 17A1088329
|r 2026-02-21 21:14:46
|t č. 1-2
|w 2026-02-21
|y PREZ
|
| 952 |
|
|
|0 0
|1 0
|4 0
|7 0
|8 0
|a SNK
|b SNK
|d 2014-06-16
|i snk2014/13837
|l 0
|o snkČSB 5893/4/2008 D1
|p 17A1088330
|r 2026-02-21 21:14:46
|t č. 1-2
|w 2026-02-21
|y PREZ
|
| 952 |
|
|
|0 0
|1 0
|4 0
|7 0
|8 0
|a SNK
|b SNK
|d 2014-06-16
|f 1
|i snk2014/13838
|l 0
|o snkČSB 5893/5/2009
|p 17A1088331
|r 2026-02-21 21:14:46
|t č. 1-2
|w 2026-02-21
|y PREZ
|
| 952 |
|
|
|0 0
|1 0
|4 0
|7 0
|8 0
|a SNK
|b SNK
|d 2014-06-16
|i snk2014/13839
|l 0
|o snkČSB 5893/5/2009 D1
|p 17A1088332
|r 2026-02-21 21:14:46
|t č. 1-2
|w 2026-02-21
|y PREZ
|
| 952 |
|
|
|0 0
|1 0
|4 0
|7 0
|8 0
|a SNK
|b SNK
|d 2014-06-16
|f 1
|i snk2014/13861
|l 0
|o snkČSB 5893/7/2011
|p 17A1088335
|r 2026-02-21 21:14:47
|t č. 1-2
|w 2026-02-21
|y PREZ
|
| 952 |
|
|
|0 0
|1 0
|4 0
|7 0
|8 0
|a SNK
|b SNK
|d 2014-06-16
|i snk2014/13862
|l 0
|o snkČSB 5893/7/2011 D1
|p 17A1088336
|r 2026-02-21 21:14:47
|t č. 1-2
|w 2026-02-21
|y PREZ
|
| 952 |
|
|
|0 0
|1 0
|4 0
|7 0
|8 0
|a SNK
|b SNK
|d 2014-06-16
|f 1
|i snk2014/13864
|l 0
|o snkČSB 5893/8/2012
|p 17A1088337
|r 2026-02-21 21:14:48
|t č. 1-2
|w 2026-02-21
|y PREZ
|
| 952 |
|
|
|0 0
|1 0
|4 0
|7 0
|8 0
|a SNK
|b SNK
|d 2014-06-16
|i snk2014/13866
|l 0
|o snkČSB 5893/8/2012 D1
|p 17A1088338
|r 2026-02-21 21:14:48
|t č. 1-2
|w 2026-02-21
|y PREZ
|
| 952 |
|
|
|0 0
|1 0
|4 0
|7 0
|8 0
|a SNK
|b SNK
|d 2014-06-16
|f 1
|i snk2014/13867
|l 0
|o snkČSB 5893/9/2013
|p 17A1088339
|r 2026-02-21 21:14:48
|t č. 1-2
|w 2026-02-21
|y PREZ
|
| 952 |
|
|
|0 0
|1 0
|4 0
|7 0
|8 0
|a SNK
|b SNK
|d 2016-04-14
|f 1
|i snk2016/9575
|l 0
|o snkČSB 5893/10/2014
|p 17A1099416
|r 2026-02-21 22:09:01
|t č. 1-2
|w 2026-02-21
|y PREZ
|
| 952 |
|
|
|0 0
|1 0
|4 0
|7 0
|8 0
|a SNK
|b SNK
|d 2016-04-14
|i snk2016/9576
|l 0
|o snkČSB 5893/10/2014 D1
|p 17A1099415
|r 2026-02-21 22:09:01
|t č. 1-2
|w 2026-02-21
|y PREZ
|
| 952 |
|
|
|0 0
|1 0
|4 0
|7 0
|8 0
|a SNK
|b SNK
|d 2019-04-16
|f 1
|i snk2019/11176
|l 0
|o snkČSB 5893/12/2016
|p 17A1366461
|r 2026-02-21 22:12:20
|t č. 1-2
|w 2026-02-21
|y PREZ
|
| 952 |
|
|
|0 0
|1 0
|4 0
|7 0
|8 0
|a SNK
|b SNK
|d 2019-04-16
|i snk2019/11177
|l 0
|o snkČSB 5893/12/2016 D1
|p 17A1366462
|r 2026-02-21 22:12:20
|t č. 1-2
|w 2026-02-21
|y PREZ
|
| 952 |
|
|
|0 0
|1 0
|4 0
|7 0
|8 0
|a SNK
|b SNK
|d 2020-09-14
|f 1
|i snk2020/16154
|l 0
|o snkČSB 5893/14/2018
|p 17A1431514
|r 2026-02-21 22:15:52
|t č. 1-2, neúplné
|w 2026-02-21
|y PREZ
|z Chýba č. 2
|
| 952 |
|
|
|0 0
|1 0
|4 0
|7 0
|8 0
|a SNK
|b SNK
|d 2020-09-14
|f 1
|i snk2020/16155
|l 0
|o snkČSB 5893/15/2019
|p 17A1431515
|r 2026-02-21 22:15:52
|t č. 1-2
|w 2026-02-21
|y PREZ
|
| 952 |
|
|
|0 0
|1 0
|4 0
|7 0
|8 0
|a SNK
|b SNK
|d 2016-11-18
|f 1
|i snk2016/26883
|l 0
|o snkČSB 5893/11/2015
|p 17A1203748
|r 2026-02-21 22:17:30
|t č. 1-2
|w 2026-02-21
|y PREZ
|
| 952 |
|
|
|0 0
|1 0
|4 0
|7 0
|8 0
|a SNK
|b SNK
|d 2016-11-18
|i snk2016/26887
|l 0
|o snkČSB 5893/11/2015 D1
|p 17A1203747
|r 2026-02-21 22:17:30
|t č. 1-2
|w 2026-02-21
|y PREZ
|